| 000 | 01796cam a2200397 a 4500 | ||
|---|---|---|---|
| 999 |
_c1967 _d1967 |
||
| 001 | .b27050105 | ||
| 003 | OCoLC | ||
| 005 | 20230221114842.0 | ||
| 008 | 120629t20082007nyu j 000 1 eng d | ||
| 020 |
_a9780142411902 _q(pbk.) |
||
| 020 |
_a0142411906 _q(pbk.) |
||
| 035 | _aocn183265866 | ||
| 035 | _a(OCoLC)183265866 | ||
| 040 |
_aBTCTA _beng _cBTCTA _dBAKER _dBNY _dXY4 _dEHH _dIDLWE _dOEL _dJP3 _dOCLCQ _dBDX _dKH8 |
||
| 042 | _anbic | ||
| 082 | _aFIC SPR | ||
| 100 | 1 |
_aSpringer, Nancy. _eauthor |
|
| 245 | 1 | 4 |
_aThe case of the left-handed lady : _ban Enola Holmes mystery / _cNancy Springer. |
| 260 |
_aNew York, N.Y. : _bSleuth Puffin, _c2008, c2007. |
||
| 300 |
_a234, 14 p. ; _c20 cm. |
||
| 440 | _aAn Enola Holmes Mystery | ||
| 500 | _aOriginally published in the U.S. by Philomel Books, a division of Penguin Young Readers Group, 2006. | ||
| 520 | _aPursued by her much older brother, famed detective Sherlock Holmes, fourteen-year-old Enola, disguised and using false names, attempts to solve the kidnapping of a baronet's sixteen-year-old daughter in nineteenth-century London. | ||
| 520 | _aEnola Holmes, much younger sister of detective Sherlock Holmes, must travel to London in disguise to unravel the disappearance of her missing mother. | ||
| 650 | 0 |
_aKidnapping _vFiction. |
|
| 650 | 0 |
_aHypnotism _vFiction. |
|
| 650 | 0 |
_aHolmes, Enola (Fictitious character) _vJuvenile fiction. |
|
| 650 | 0 |
_aHolmes, Sherlock (Fictitious character) _vJuvenile fiction. |
|
| 650 | 0 |
_aBrothers and sisters _vJuvenile fiction. |
|
| 650 | 0 | _aMystery. | |
| 650 | 0 |
_aMothers _vJuvenile fiction. |
|
| 651 | 0 |
_aLondon (England) _xHistory _y19th century _vFiction. |
|
| 651 | 0 |
_aGreat Britain _xHistory _y19th century _vFiction. |
|
| 655 | 0 | _aMystery and detective stories. | |
| 942 |
_2ddc _cFIC |
||